000
00196nam a22000977a 4500
041
_a
eng
080
_a
80
100
_a
Graham, Carolyn
245
_a
Small Talk More Jazz Chants from
999
_c
279908
_d
279908
942
_c
BK